Catálogo

TOP GRAPHIC DESIGN (Registro nro. 4834)

Detalles MARC
000 -LEADER
fixed length control field 00452nam a2200169 a 4500
001 - CONTROL NUMBER
control field 4834
005 - DATE AND TIME OF LATEST TRANSACTION
control field 20180713184710.0
008 - FIXED-LENGTH DATA ELEMENTS--GENERAL INFORMATION
fixed length control field 140415s1983 sz 000 0 eng d
041 ## - LANGUAGE CODE
Language code of text/sound track or separate title eng
082 ## - DEWEY DECIMAL CLASSIFICATION NUMBER
Classification number 745.6
Item number HEN
100 1# - MAIN ENTRY--PERSONAL NAME
Personal name HENRION, FHK
245 10 - TITLE STATEMENT
Title TOP GRAPHIC DESIGN
250 ## - EDITION STATEMENT
Edition statement 1a ed.
260 ## - PUBLICATION, DISTRIBUTION, ETC.
Place of publication, distribution, etc. SUIZA :
Name of publisher, distributor, etc. ABC VERLAG,
Date of publication, distribution, etc. 1983
300 ## - PHYSICAL DESCRIPTION
Extent 159
650 14 - SUBJECT ADDED ENTRY--TOPICAL TERM
Topical term or geographic name entry element DISEO DE CARTELES
General subdivision DISEO GRAFICO
-- PUBLICIDAD COMERCIAL ARTISTICA
Existencias
Withdrawn status Lost status Source of classification or shelving scheme Damaged status Not for loan Collection code Home library Current library Shelving location Date acquired Source of acquisition Inventory number Total Checkouts Full call number Barcode Date last seen Price effective from Koha item type
    Dewey Decimal Classification     General Biblioteca Karol Wojtyla Biblioteca Karol Wojtyla Sala general 03/12/2013 Compra 151000000000000000023085   745.6 HEN 16423 05/01/2026 03/12/2013 Libro